[Event "8th EUR-ch (w)"]
[Site "Dresden GER"]
[Date "2007.04.11"]
[Round "8"]
[White "Dembo, Yelena"]
[Black "Repkova, Eva"]
[Result "1/2-1/2"]
[WhiteElo "2470"]
[BlackElo "2328"]
[EventDate "2007.04.03"]
[PlyCount "90"]

1.e4 e6 2.d4 d5 3.Nd2 c5 4.Ngf3 cxd4 5.exd5 Qxd5 6.Bc4 Qd6 7.Qe2 Nf6 8.Nb3
Nc6 9.Bg5 a6 10.O-O-O b5 11.Bd3 Be7 12.Kb1 Bb7 13.Nbxd4 Nxd4 14.Nxd4 Bd5 
15.Nf3 O-O 16.Ne5 Qc7 17.Rhe1 Qa5 18.b3 h6 19.Bd2 Bb4 20.f3 Rfc8 21.Bxb4 
Qxb4 22.Qd2 Qa3 23.c4 bxc4 24.Nxc4 Bxc4 25.Bxc4 a5 26.Qd6 Qb4 27.Qxb4 axb4
28.Rd6 Rab8 29.Kb2 Kf8 30.f4 Ke7 31.Ra6 Rc5 32.Ra7+ Kf8 33.Rd1 Rf5 34.g3 
g5 35.Bd3 Rd8 36.Bxf5 Rxd1 37.Bc2 Rd2 38.h3 gxf4 39.gxf4 Nd5 40.Kc1 Rf2 
41.f5 Ne3 42.Bd3 Nxf5 43.Rb7 Rf4 44.Bc4 Nd6 45.Rxb4 Ne4 1/2-1/2

[Event "8th EUR-ch (w)"]
[Site "Dresden GER"]
[Date "2007.04.11"]
[Round "8"]
[White "Arakhamia-Grant, Ketevan"]
[Black "Muzychuk, Maria"]
[Result "1-0"]
[WhiteElo "2435"]
[BlackElo "2293"]
[EventDate "2007.04.03"]
[PlyCount "67"]

1.e4 c5 2.Nf3 e6 3.d4 cxd4 4.Nxd4 a6 5.Bd3 Bc5 6.Nb3 Ba7 7.Qe2 Nc6 8.Be3 
d6 9.f4 Nf6 10.Nc3 b5 11.a4 b4 12.Nd1 a5 13.O-O O-O 14.Nf2 e5 15.Bxa7 Rxa7
16.f5 d5 17.Rad1 Qb6 18.Kh1 Ne7 19.Nd2 dxe4 20.Nfxe4 Nxe4 21.Qxe4 Qf6 22.
Rde1 Nc6 23.Qe3 h6 24.Ne4 Qh4 25.f6 Rd8 26.Qb6 Bd7 27.Bb5 Rb8 28.Qc5 Rc7 
29.fxg7 f5 30.Qd6 Rbc8 31.Qg6 Qxe4 32.Rxe4 Ne7 33.Qxh6 Bxb5 34.axb5 1-0

[Event "8th EUR-ch (w)"]
[Site "Dresden GER"]
[Date "2007.04.11"]
[Round "8"]
[White "Mkrtchian, Lilit"]
[Black "Jurgens, Vera"]
[Result "1/2-1/2"]
[WhiteElo "2424"]
[BlackElo "2290"]
[EventDate "2007.04.03"]
[PlyCount "150"]

1.c4 e5 2.Nc3 d6 3.Nf3 Nf6 4.g3 c6 5.Bg2 Be7 6.O-O O-O 7.e4 Nbd7 8.d4 Qc7 
9.Re1 a6 10.d5 cxd5 11.cxd5 b5 12.a3 Nb6 13.Nh4 g6 14.Bh6 Re8 15.h3 Kh8 
16.Nf3 Ng8 17.Bd2 Nc4 18.Bc1 Bf6 19.Na2 Bd7 20.b3 Nb6 21.Be3 a5 22.Qd3 Qb7
23.Rec1 a4 24.Nd2 Rec8 25.Bf1 Ne7 26.Rab1 Bg7 27.Rxc8+ Nexc8 28.Nc3 f5 29.
f3 axb3 30.Rxb3 f4 31.gxf4 exf4 32.Bxf4 Na4 33.Nxa4 Rxa4 34.Be3 Qc7 35.Rb4
Nb6 36.Rxa4 Nxa4 37.Bd4 Qc1 38.Bxg7+ Kxg7 39.Qd4+ Kf7 40.Kg2 Nc5 41.Kf2 
Qxa3 42.Qh8 Nd3+ 43.Bxd3 Qxd3 44.Qxh7+ Kf6 45.Qh4+ Kf7 46.Qf4+ Kg7 47.h4 
Qd4+ 48.Qe3 Qa1 49.Qb6 Qd1 50.Qd4+ Kf7 51.Qc3 Qh1 52.Qh8 Ke7 53.Ke3 b4 54.
Qg7+ Kd8 55.Qf6+ Kc7 56.Qb2 Qe1+ 57.Kd4 Qf2+ 58.Kc4 Qc5+ 59.Kb3 Bb5 60.
Qg7+ Kb6 61.Kb2 Ba4 62.Nb1 Qf2+ 63.Ka1 b3 64.Qb2 Qxf3 65.Qd4+ Kc7 66.Qc3+ 
Qxc3+ 67.Nxc3 Bd7 68.Kb2 Kb6 69.Kxb3 Kc5 70.Ne2 Bg4 71.Nf4 Kd4 72.Nxg6 
Kxe4 73.Ne7 Ke5 74.Kc4 Be2+ 75.Kc3 Bf3 1/2-1/2

[Event "8th EUR-ch (w)"]
[Site "Dresden GER"]
[Date "2007.04.11"]
[Round "8"]
[White "Kursova, Maria"]
[Black "Jackova, Jana"]
[Result "1-0"]
[WhiteElo "2324"]
[BlackElo "2423"]
[EventDate "2007.04.03"]
[PlyCount "73"]

1.d4 Nf6 2.Nf3 e6 3.c4 b6 4.g3 Ba6 5.Nbd2 d5 6.Bg2 Bd6 7.O-O c6 8.b3 Qe7 
9.Bb2 O-O 10.Re1 Ba3 11.Bxa3 Qxa3 12.e4 Nbd7 13.e5 Ne8 14.cxd5 cxd5 15.Rc1
b5 16.Nf1 Qe7 17.Qd3 Nb8 18.Ne3 b4 19.Qd2 Bb5 20.Rc5 Nc7 21.Rec1 Nba6 22.
R5c2 Qd7 23.h4 Rfc8 24.h5 Ne8 25.h6 Rxc2 26.Rxc2 g6 27.Ng4 Qe7 28.Qf4 Bd3 
29.Rc6 Bb5 30.Rc1 Be2 31.Nf6+ Nxf6 32.exf6 Qd8 33.Ng5 Rc8 34.Rxc8 Qxc8 35.
Bh3 Qc7 36.Bxe6 fxe6 37.f7+ 1-0

[Event "8th EUR-ch (w)"]
[Site "Dresden GER"]
[Date "2007.04.11"]
[Round "8"]
[White "Peptan, Corina-Isabela"]
[Black "Petrenko, Svetlana"]
[Result "1-0"]
[WhiteElo "2422"]
[BlackElo "2289"]
[EventDate "2007.04.03"]
[PlyCount "105"]

1.e4 c5 2.c3 d6 3.d4 e5 4.dxc5 dxc5 5.Qxd8+ Kxd8 6.Na3 f6 7.Be3 a6 8.
O-O-O+ Kc7 9.Bc4 Nc6 10.f4 b5 11.Bd5 exf4 12.Bxf4+ Kb6 13.Nf3 Nge7 14.Nc2 
g5 15.Bg3 g4 16.Nh4 Nxd5 17.exd5 Bh6+ 18.Kb1 Ne5 19.Rhf1 Bg5 20.Ne3 c4 21.
Nhf5 h5 22.Bf2 Bxf5+ 23.Nxf5+ Kc7 24.Bg3 h4 25.Bxe5+ fxe5 26.Rde1 Bf4 27.
g3 hxg3 28.hxg3 Raf8 29.gxf4 Rxf5 30.fxe5 Rxf1 31.Rxf1 g3 32.Rg1 Rg8 33.a4
g2 34.Ka2 Rg5 35.Ka3 Kb6 36.e6 Kc5 37.e7 Re5 38.Rxg2 Rxe7 39.Rg5 Re1 40.
d6+ Kxd6 41.axb5 a5 42.b4 cxb3 43.Kxb3 Ra1 44.c4 Rb1+ 45.Kc2 Rh1 46.c5+ 
Kc7 47.Rg7+ Kb8 48.Rg8+ Kb7 49.c6+ Kb6 50.Rb8+ Kc7 51.Rb7+ Kc8 52.Ra7 Rh4 
53.Kc3 1-0

[Event "8th EUR-ch (w)"]
[Site "Dresden GER"]
[Date "2007.04.11"]
[Round "8"]
[White "Benderac, Ana"]
[Black "Vasilevich, Irina"]
[Result "0-1"]
[WhiteElo "2314"]
[BlackElo "2380"]
[EventDate "2007.04.03"]
[PlyCount "70"]

1.d4 Nf6 2.Nf3 e6 3.Bg5 d5 4.e3 Be7 5.Nbd2 c5 6.c3 Nc6 7.Ne5 Qb6 8.Qb3 h6 
9.Nxc6 bxc6 10.Bf4 c4 11.Qc2 O-O 12.Be2 Nd7 13.e4 c5 14.Be3 e5 15.exd5 
exd4 16.Nxc4 Qf6 17.Bd2 Bb7 18.Bf3 Ba6 19.b3 Bxc4 20.bxc4 Ne5 21.Be2 Bd6 
22.O-O Rfe8 23.Rae1 Re7 24.cxd4 cxd4 25.c5 Rc7 26.c6 Rb8 27.g3 d3 28.Bxd3 
Rb2 29.Qxb2 Nf3+ 30.Kh1 Qxb2 31.Re8+ Bf8 32.Ba5 Qa3 33.Bxc7 Qxd3 34.Kg2 
Qxd5 35.Rc1 Ng5+ 0-1

[Event "8th EUR-ch (w)"]
[Site "Dresden GER"]
[Date "2007.04.11"]
[Round "8"]
[White "Sudakova, Irina"]
[Black "Zakurdyaeva, Irina"]
[Result "0-1"]
[WhiteElo "2371"]
[BlackElo "2286"]
[EventDate "2007.04.03"]
[PlyCount "80"]

1.e4 c5 2.Nf3 e6 3.d4 cxd4 4.Nxd4 d6 5.Nc3 a6 6.Be3 Nf6 7.Be2 Nbd7 8.Qd2 
b5 9.f3 Bb7 10.g4 b4 11.Na4 Qa5 12.b3 Nc5 13.a3 Nxa4 14.axb4 Qc7 15.Rxa4 
e5 16.Nf5 g6 17.Ng3 d5 18.g5 d4 19.gxf6 dxe3 20.Qxe3 h5 21.O-O Bh6 22.Qc5 
Qxc5+ 23.bxc5 Be3+ 24.Kg2 h4 25.Nh1 h3+ 26.Kg3 O-O-O 27.Rd1 Rxd1 28.Bxd1 
Kc7 29.Be2 Rh5 30.f4 exf4+ 31.Kf3 Rg5 32.Bxa6 Bc6 33.Ra1 Rg2 34.Bf1 Rxh2 
35.Ra7+ Kd8 36.Rxf7 Rxh1 37.Bc4 Bxc5 38.Rh7 h2 39.Kxf4 Re1 40.Kg5 h1=Q 0-1

[Event "8th EUR-ch (w)"]
[Site "Dresden GER"]
[Date "2007.04.11"]
[Round "8"]
[White "Dworakowska, Joanna"]
[Black "Golubenko, Valentina"]
[Result "1/2-1/2"]
[WhiteElo "2363"]
[BlackElo "2271"]
[EventDate "2007.04.03"]
[PlyCount "264"]

1.e4 e5 2.Nf3 Nc6 3.d4 exd4 4.Nxd4 Bc5 5.Nxc6 Qf6 6.Qf3 dxc6 7.Qxf6 Nxf6 
8.f3 O-O 9.Nd2 Re8 10.Nb3 Bb6 11.c4 a5 12.a4 Nd7 13.Be2 f5 14.exf5 Ne5 15.
c5 Ba7 16.Kf2 Bxf5 17.Be3 Bc2 18.Nxa5 Bxc5 19.Bxc5 Rxa5 20.b4 Rxa4 21.Rxa4
Bxa4 22.Re1 Nf7 23.Ra1 Bb5 24.Bd1 Ne5 25.Kg3 Bc4 26.Bd4 Nd3 27.Bc3 c5 28.
bxc5 Nxc5 29.h4 b5 30.h5 h6 31.Ra7 Ne6 32.Bc2 Rf8 33.Be5 Rf7 34.f4 b4 35.
Bg6 Rd7 36.Rb7 b3 37.Rb4 Bd5 38.Rb8+ Nf8 39.Bd4 Rd6 40.Bc5 Rf6 41.Be7 Bc4 
42.Bxf6 gxf6 43.Rc8 Ba6 44.Rb8 Bc4 45.Be4 Bf7 46.Rc8 Bxh5 47.Bd5+ Bf7 48.
Bxf7+ Kxf7 49.Rxc7+ Kg6 50.Rc5 b2 51.Rb5 b1=Q 52.Rxb1 Ne6 53.Kf3 h5 54.Rb6
Nd4+ 55.Ke4 Nf5 56.Ra6 Ng3+ 57.Kf3 Nf5 58.Ra5 Nh4+ 59.Kg3 Nf5+ 60.Kh3 Ne3 
61.Ra8 Nf5 62.Re8 Kf7 63.Ra8 Kg6 64.g3 Nh6 65.Rc8 Nf5 66.Rc5 Ne3 67.Rc3 
Nf5 68.Kg2 Nd4 69.Ra3 Nc2 70.Ra4 Ne3+ 71.Kf3 Nf5 72.Ra6 Nd4+ 73.Ke4 Nf5 
74.Ra3 Nd6+ 75.Kd5 Nf5 76.Rb3 Ne7+ 77.Ke6 Nf5 78.Rd3 Ng7+ 79.Ke7 Nf5+ 80.
Kf8 h4 81.gxh4 Nxh4 82.Rh3 Nf5 83.Rh1 Nd4 84.Ke7 Kf5 85.Rh6 Kxf4 86.Kxf6 
Ke4 87.Rh4+ Kd5 88.Rh1 Ke4 89.Rd1 Nf3 90.Ra1 Kd5 91.Kf5 Nd4+ 92.Kf4 Ne6+ 
93.Ke3 Nc5 94.Rd1+ Ke5 95.Rh1 Kd5 96.Rh5+ Kc4 97.Re5 Nb7 98.Re4+ Kd5 99.
Rd4+ Ke5 100.Rh4 Kd5 101.Rh5+ Kc4 102.Ke4 Nc5+ 103.Ke5 Nd3+ 104.Kd6 Kd4 
105.Rh4+ Ke3 106.Ra4 Nf4 107.Ke5 Nd3+ 108.Kf5 Nc5 109.Rb4 Kd3 110.Ke5 Nd7+
111.Ke6 Kc3 112.Rh4 Nb6 113.Kd6 Nc4+ 114.Kd5 Ne3+ 115.Ke4 Nd1 116.Rh8 Nf2+
117.Ke3 Nd1+ 118.Ke2 Nb2 119.Rb8 Nc4 120.Rd8 Nb2 121.Ke3 Nc4+ 122.Ke4 Nd2+
123.Kd5 Kd3 124.Rh8 Ke3 125.Ra8 Nf3 126.Ra4 Nd2 127.Ra3+ Kf4 128.Ra1 Ke3 
129.Ra2 Nf3 130.Ra3+ Kf4 131.Ra4+ Ke3 132.Re4+ Kd3 1/2-1/2

[Event "8th EUR-ch (w)"]
[Site "Dresden GER"]
[Date "2007.04.11"]
[Round "8"]
[White "Schuurman, Petra"]
[Black "Voicu, Carmen"]
[Result "0-1"]
[WhiteElo "2295"]
[BlackElo "2354"]
[EventDate "2007.04.03"]
[PlyCount "92"]

1.d4 e6 2.c4 f5 3.g3 Nf6 4.Bg2 c6 5.Nd2 d5 6.Qc2 Bd6 7.Nh3 O-O 8.Nf3 b6 9.
O-O Ba6 10.b3 Qe7 11.Bf4 Ne4 12.Bxd6 Nxd6 13.Ne5 Rc8 14.Nf4 Bb7 15.Rfd1 
Nd7 16.Nxd7 Qxd7 17.Nd3 Qe7 18.c5 Nf7 19.b4 Ba6 20.Rac1 Bc4 21.a4 Qf6 22.
Nb2 Ba6 23.e3 h5 24.b5 Bb7 25.Nd3 Rc7 26.Nb4 cxb5 27.axb5 h4 28.c6 Bc8 29.
Nxd5 exd5 30.Bxd5 Qd6 31.Qb3 Kf8 32.Re1 Ng5 33.gxh4 Nh3+ 34.Kf1 Qxh2 35.
Ke2 Nxf2 36.Qb4+ Ke8 37.Kd2 a5 38.bxa6 Ne4+ 39.Kd1 Rxa6 40.Re2 Qg3 41.Kc2 
Ra5 42.Qb3 Nf6 43.Rg2 Qh3 44.Qxb6 Nxd5 45.Qxa5 Qxg2+ 46.Kb1 Be6 0-1

[Event "8th EUR-ch (w)"]
[Site "Dresden GER"]
[Date "2007.04.11"]
[Round "8"]
[White "Rudolph, Anna"]
[Black "Kadimova, Ilaha"]
[Result "1-0"]
[WhiteElo "2202"]
[BlackElo "2339"]
[EventDate "2007.04.03"]
[PlyCount "69"]

1.e4 c6 2.d4 d5 3.Nc3 dxe4 4.Nxe4 Nd7 5.Ng5 Ndf6 6.Bc4 e6 7.c3 Bd6 8.Qe2 
Ne7 9.N1f3 h6 10.Ne4 Nxe4 11.Qxe4 Qc7 12.Ne5 f6 13.f4 fxe5 14.fxe5 Bxe5 
15.dxe5 O-O 16.g4 Qb6 17.Bd3 Qf2+ 18.Kd1 Qf3+ 19.Qxf3 Rxf3 20.Ke2 Rf7 21.
g5 hxg5 22.Bxg5 Bd7 23.Raf1 Raf8 24.Bxe7 Rxe7 25.Bh7+ Kxh7 26.Rxf8 Be8 27.
Rhf1 Bh5+ 28.Ke3 Rd7 29.Rb8 b6 30.Rf2 Rd5 31.Kf4 Rd3 32.Rc8 c5 33.Rc6 Bf7 
34.Rd6 Rh3 35.Kg4 1-0

[Event "8th EUR-ch (w)"]
[Site "Dresden GER"]
[Date "2007.04.11"]
[Round "8"]
[White "Andriasian, Siranush"]
[Black "Foisor, Sabina-Francesca"]
[Result "0-1"]
[WhiteElo "2252"]
[BlackElo "2333"]
[EventDate "2007.04.03"]
[PlyCount "74"]

1.e4 c6 2.d4 g6 3.Nc3 d5 4.e5 f6 5.exf6 exf6 6.Bd3 Bg7 7.h4 Ne7 8.h5 Bf5 
9.g4 Bxd3 10.Qxd3 Nd7 11.Bf4 Nb6 12.h6 Bf8 13.g5 Nf5 14.gxf6 Qxf6 15.O-O-O
Bd6 16.Re1+ Kd7 17.Be5 Bxe5 18.dxe5 Qg5+ 19.Kb1 Kc7 20.Nf3 Qe7 21.Nd4 Rhf8
22.a4 Nxd4 23.Qxd4 Nc4 24.Na2 Rf5 25.b3 Rxe5 26.Qf4 Rf8 27.Qh2 Nd2+ 28.Kb2
Nf3 29.Qg3 Nxe1 30.Rxe1 Rf5 31.Rd1 Kc8 32.Nc3 Qf6 33.Rd2 Rf3 34.Qg4+ Ref5 
35.Qb4 R5f4 36.Qa5 b6 37.Qa6+ Kb8 0-1

[Event "8th EUR-ch (w)"]
[Site "Dresden GER"]
[Date "2007.04.11"]
[Round "8"]
[White "Celuskina, Irina"]
[Black "Srebrnic, Ana"]
[Result "1-0"]
[WhiteElo "2332"]
[BlackElo "2262"]
[EventDate "2007.04.03"]
[PlyCount "63"]

1.c4 e5 2.g3 Nc6 3.Bg2 Bc5 4.Nc3 a6 5.e3 d6 6.Nge2 Nge7 7.d4 Ba7 8.h3 O-O 
9.O-O Bf5 10.d5 Nb8 11.e4 Bg6 12.g4 h5 13.Ng3 hxg4 14.hxg4 f6 15.Nf5 Be8 
16.a4 g6 17.Nh6+ Kg7 18.Qf3 Bd7 19.Ne2 a5 20.Ng3 Na6 21.Ra3 Bc5 22.Rb3 Nb4
23.Ngf5+ Bxf5 24.gxf5 g5 25.Bxg5 Rh8 26.Qg4 Qe8 27.Bxf6+ Kxf6 28.Qh4+ Kg7 
29.f6+ Kf8 30.fxe7+ Qxe7 31.Rf3+ Ke8 32.Qh5+ 1-0

[Event "8th EUR-ch (w)"]
[Site "Dresden GER"]
[Date "2007.04.11"]
[Round "8"]
[White "Gvetadze, Sopio"]
[Black "Shukurova, Meihriban"]
[Result "0-1"]
[WhiteElo "2411"]
[BlackElo "2193"]
[EventDate "2007.04.03"]
[PlyCount "104"]

1.e4 e5 2.Nf3 Nc6 3.Bc4 Nf6 4.d3 h6 5.Bb3 g6 6.Nc3 d6 7.h3 Bg7 8.Be3 Na5 
9.Ba4+ Bd7 10.Bxd7+ Qxd7 11.Qd2 c5 12.Ne2 Nc6 13.Ng3 Ng8 14.Nh2 h5 15.c3 
b6 16.O-O d5 17.exd5 Qxd5 18.Qc2 Nge7 19.f4 Rd8 20.Rad1 exf4 21.Bxf4 Qxa2 
22.Bg5 O-O 23.Bf6 Qe6 24.Ne4 Nf5 25.Bxg7 Kxg7 26.Qf2 c4 27.Nf3 cxd3 28.
Nfg5 Qe7 29.Rfe1 Ne5 30.Qf4 Rd5 31.Nf2 Qf6 32.c4 d2 33.Re2 Nd3 34.Nxd3 
Rxd3 35.Rdxd2 Rfd8 36.Rxd3 Rxd3 37.Kh2 Qd6 38.Re5 Qd4 39.Re4 Qd6 40.Re5 
Rd1 41.Nf3 h4 42.b4 f6 43.Rxf5 gxf5 44.Qxd6 Rxd6 45.Nxh4 Kf7 46.Nxf5 Rd3 
47.g3 a5 48.bxa5 bxa5 49.c5 Ke6 50.c6 a4 51.c7 Kd7 52.Ne7 Kxc7 0-1

[Event "8th EUR-ch (w)"]
[Site "Dresden GER"]
[Date "2007.04.11"]
[Round "8"]
[White "Collas, Silvia"]
[Black "Franciskovic, Borka"]
[Result "0-1"]
[WhiteElo "2401"]
[BlackElo "2227"]
[EventDate "2007.04.03"]
[PlyCount "128"]

1.Nf3 Nf6 2.c4 c5 3.Nc3 e6 4.g3 a6 5.Bg2 Be7 6.O-O Nc6 7.d4 cxd4 8.Nxd4 
Qc7 9.b3 O-O 10.Bb2 d6 11.Rc1 Ne5 12.h3 Bd7 13.e4 Rac8 14.f4 Ng6 15.Kh2 
Qb8 16.Qe2 Bd8 17.Rcd1 Bc7 18.Nc2 b5 19.cxb5 axb5 20.Nb4 Ba5 21.a3 Rfd8 
22.Nca2 e5 23.f5 Ne7 24.g4 h6 25.Qf2 Bb6 26.Qg3 Nc6 27.Nd5 Nxd5 28.exd5 
Nd4 29.Be4 f6 30.Nb4 Ne2 31.Qd3 Nd4 32.Kg3 Qa7 33.h4 Bc5 34.Rd2 Qa5 35.Nc6
Bxc6 36.b4 Qa8 37.bxc5 Bxd5 38.Bxd5+ Qxd5 39.c6 Qxc6 40.Bxd4 exd4 41.Qxd4 
d5 42.Rf3 Ra8 43.Kh3 Ra4 44.Qg1 Re8 45.Qd1 Ree4 46.Rg3 Re5 47.h5 Kh7 48.
Rgd3 d4 49.Kh4 Re3 50.Rh2 Rxd3 51.Qxd3 Qd6 52.Rh3 Rc4 53.Qe4 Qe5 54.Qxe5 
fxe5 55.Rb3 Rc5 56.g5 hxg5+ 57.Kxg5 Rd5 58.Kg4 d3 59.Rb1 d2 60.Rd1 Rd3 61.
Kg5 Rg3+ 62.Kh4 Rg2 63.Kh3 Re2 64.Kg3 e4 0-1

[Event "8th EUR-ch (w)"]
[Site "Dresden GER"]
[Date "2007.04.11"]
[Round "8"]
[White "Topel, Zehra"]
[Black "Burtasova, Anna"]
[Result "0-1"]
[WhiteElo "2224"]
[BlackElo "2314"]
[EventDate "2007.04.03"]
[PlyCount "124"]

1.d4 Nf6 2.Nf3 c5 3.dxc5 e6 4.e3 Bxc5 5.Bd3 Nc6 6.Nbd2 d5 7.c4 O-O 8.O-O 
a6 9.a3 dxc4 10.Bxc4 b5 11.Ba2 a5 12.Qc2 Qb6 13.Bb1 Be7 14.b3 Bb7 15.Bb2 
Qc5 16.Qxc5 Bxc5 17.Ne4 Be7 18.Nxf6+ Bxf6 19.Bxf6 gxf6 20.Bd3 b4 21.Bc4 
Ne7 22.Nd4 Nd5 23.axb4 axb4 24.Nc2 Rab8 25.e4 Nc3 26.f3 Ba8 27.Rfc1 Rfc8 
28.Kf2 Rxc4 29.bxc4 b3 30.Re1 bxc2 31.Rec1 Bc6 32.Rxc2 Na4 33.c5 Kg7 34.
Rc4 Nb2 35.Rd4 Rb3 36.Ra6 e5 37.Rd8 Bb5 38.Rb6 Na4 39.Rbb8 Nxc5 40.Rg8+ 
Kh6 41.Rg4 Nd3+ 42.Kg3 Nf4 43.Rh4+ Kg7 44.Rg4+ Ng6 45.Kf2 h5 46.Rg3 h4 47.
Rh3 Rb2+ 48.Kg1 Rb1+ 49.Kf2 Nf4 50.Rxh4 Rb2+ 51.Kg1 Rb1+ 52.Kf2 Rf1+ 53.
Kg3 Ne2+ 54.Kh3 Bd7+ 55.g4 Rg1 56.Rh5 Nf4+ 57.Kh4 Rg2 58.Rb7 Rxh2+ 59.Kg3 
Rg2+ 60.Kh4 Nxh5 61.gxh5 Rh2+ 62.Kg3 Rh3+ 0-1

[Event "8th EUR-ch (w)"]
[Site "Dresden GER"]
[Date "2007.04.11"]
[Round "8"]
[White "Umudova, Nargiz"]
[Black "Meshcheriakova, Evgenia"]
[Result "1/2-1/2"]
[WhiteElo "2198"]
[BlackElo "2309"]
[EventDate "2007.04.03"]
[PlyCount "72"]

1.Nf3 Nf6 2.g3 b6 3.Bg2 Bb7 4.O-O e6 5.c4 Be7 6.Nc3 c5 7.Re1 d6 8.e4 e5 9.
d3 Nc6 10.Bh3 O-O 11.Nh4 Nd4 12.Ne2 Ne8 13.Nxd4 Bxh4 14.Nf5 Bf6 15.Bg2 a6 
16.Be3 b5 17.b3 Nc7 18.h4 Ne6 19.Bd2 b4 20.a3 bxa3 21.Rxa3 Qc7 22.Qc2 Rfb8
23.Bc3 g6 24.Ne3 Nd4 25.Qa2 Qd7 26.Nd5 Bd8 27.Kh2 Bc8 28.Bxd4 cxd4 29.b4 
Bb7 30.Rc1 Bxd5 31.cxd5 Rb6 32.Bh3 Qb7 33.Rc4 Rxb4 34.Rxb4 Qxb4 35.Rxa6 
Rxa6 36.Qxa6 Kg7 1/2-1/2

[Event "8th EUR-ch (w)"]
[Site "Dresden GER"]
[Date "2007.04.11"]
[Round "8"]
[White "Rudolf, Anna"]
[Black "Vovinkina, Natalia"]
[Result "1-0"]
[WhiteElo "2301"]
[BlackElo "2202"]
[EventDate "2007.04.03"]
[PlyCount "63"]

1.e4 d6 2.d4 e5 3.Nf3 exd4 4.Nxd4 Nf6 5.Nc3 Be7 6.Bf4 O-O 7.Qd2 Nc6 8.
O-O-O a6 9.f3 Ne5 10.Qf2 Qe8 11.g4 b5 12.Kb1 b4 13.Nce2 Bb7 14.Ng3 Ng6 15.
Be3 d5 16.g5 Nd7 17.Ndf5 f6 18.h4 Nge5 19.exd5 Bd6 20.Be2 Nf7 21.Nh5 g6 
22.Nhg7 Qb8 23.Nxd6 Nxd6 24.Ne6 Re8 25.Nf4 Nf5 26.Bc1 Rd8 27.h5 Nf8 28.
hxg6 fxg5 29.gxh7+ Nxh7 30.Ne6 Rd7 31.Bd3 Nh4 32.Bxh7+ 1-0

[Event "8th EUR-ch (w)"]
[Site "Dresden GER"]
[Date "2007.04.11"]
[Round "8"]
[White "Smochina, Carolina"]
[Black "Nill, Jessica"]
[Result "1/2-1/2"]
[WhiteElo "2192"]
[BlackElo "2283"]
[EventDate "2007.04.03"]
[PlyCount "32"]

1.d4 d5 2.c4 c6 3.Nf3 Nf6 4.e3 a6 5.Bd3 b5 6.b3 Bg4 7.Nbd2 e6 8.Qc2 Bh5 9.
Bb2 Bg6 10.Ne5 Bxd3 11.Qxd3 Bd6 12.c5 Bxe5 13.dxe5 Nfd7 14.b4 a5 15.a3 
axb4 16.axb4 Rxa1+ 1/2-1/2

[Event "8th EUR-ch (w)"]
[Site "Dresden GER"]
[Date "2007.04.11"]
[Round "8"]
[White "Kulovana, Eva"]
[Black "Atnilov, Bela"]
[Result "1/2-1/2"]
[WhiteElo "2267"]
[BlackElo "2164"]
[EventDate "2007.04.03"]
[PlyCount "152"]

1.e4 e6 2.d4 d5 3.Nd2 dxe4 4.Nxe4 Nd7 5.Nf3 Ngf6 6.Bg5 Be7 7.Nxf6+ Nxf6 8.
Bd3 O-O 9.Qe2 c5 10.dxc5 Qa5+ 11.c3 Qxc5 12.O-O h6 13.Bh4 Qh5 14.Qe5 Qxe5 
15.Nxe5 Rd8 16.Rad1 Rd5 17.Rfe1 Nd7 18.Bxe7 Nxe5 19.Be4 Rxd1 20.Rxd1 f5 
21.Bc2 Kf7 22.Bd8 Ke8 23.Bc7 Nc6 24.f4 Bd7 25.Bd6 g5 26.g3 Rc8 27.Rd3 Nd8 
28.Bd1 g4 29.h3 h5 30.hxg4 hxg4 31.Rd2 Nf7 32.Ba3 Bb5 33.Kf2 Rd8 34.Rxd8+ 
Nxd8 35.Ke3 Nc6 36.b3 Bf1 37.Bc2 Kf7 38.c4 Kf6 39.Bd6 e5 40.Ba3 Ke6 41.
fxe5 Nxe5 42.Bb2 b5 43.Bxe5 Kxe5 44.Kf2 Bh3 45.cxb5 f4 46.a4 f3 47.a5 Kd6 
48.Be4 Kc7 49.b4 Kb8 50.Bd5 Kc7 51.Be4 Kb8 52.b6 axb6 53.axb6 Kc8 54.b7+ 
Kc7 55.Bc6 Kb8 56.Be4 Kc7 57.b5 Kb8 58.b6 Bg2 59.Bf5 Kxb7 60.Bxg4 Kxb6 61.
Bxf3 Bh3 62.Be4 Kc5 63.Kf3 Kd6 64.Kf4 Ke7 65.Kg5 Kf7 66.Bf5 Bf1 67.Kh6 Be2
68.Bg6+ Kg8 69.Bh5 Bd3 70.g4 Be2 71.g5 Bxh5 72.Kxh5 Kh7 73.g6+ Kg7 74.Kg5 
Kg8 75.Kf6 Kf8 76.g7+ Kg8 1/2-1/2

[Event "8th EUR-ch (w)"]
[Site "Dresden GER"]
[Date "2007.04.11"]
[Round "8"]
[White "Von Wantoch-Rekowski, Danijela"]
[Black "Karlovich, Anastazia"]
[Result "1/2-1/2"]
[WhiteElo "2114"]
[BlackElo "2266"]
[EventDate "2007.04.03"]
[PlyCount "27"]

1.d4 Nf6 2.c4 e6 3.Nf3 b6 4.g3 Ba6 5.b3 Bb7 6.Bg2 Bb4+ 7.Bd2 a5 8.O-O O-O 
9.a3 Be7 10.Bc3 Ne4 11.Bb2 f5 12.Qd2 Ra7 13.Ne5 d6 14.Nd3 1/2-1/2

[Event "8th EUR-ch (w)"]
[Site "Dresden GER"]
[Date "2007.04.11"]
[Round "8"]
[White "Stiri, Alexandra"]
[Black "Nemcova, Katerina"]
[Result "0-1"]
[WhiteElo "2258"]
[BlackElo "2164"]
[EventDate "2007.04.03"]
[PlyCount "90"]

1.e4 c5 2.Nf3 Nc6 3.d4 cxd4 4.Nxd4 e6 5.Nxc6 bxc6 6.Bd3 Nf6 7.O-O d5 8.e5 
Nd7 9.f4 Be7 10.c4 g6 11.Nc3 O-O 12.Be3 Bc5 13.Bxc5 Nxc5 14.cxd5 cxd5 15.
Kh1 Qa5 16.Bc2 Rb8 17.f5 Rxb2 18.Rf3 d4 19.Qc1 Nd3 20.Qh6 exf5 21.Bxd3 Bb7
22.Ne4 fxe4 23.Rh3 Rd8 24.Qxh7+ Kf8 25.Qh8+ Ke7 26.Qf6+ Kd7 27.Qd6+ Kc8 
28.Rc1+ Qc3 29.Rxc3+ dxc3 30.Qc5+ Kb8 31.Bf1 Rb1 32.Kg1 Ba6 33.g4 Rxf1+ 
34.Kg2 Rd2+ 35.Kg3 Rf3+ 36.Kh4 g5+ 37.Kxg5 Rxh3 38.Qf8+ Bc8 39.Qxf7 c2 40.
Qc4 Rg2 41.Qb4+ Ka8 42.Qxe4+ Bb7 43.Qe1 Rgxh2 44.Qc1 Rc3 45.e6 Rh1 0-1

[Event "8th EUR-ch (w)"]
[Site "Dresden GER"]
[Date "2007.04.11"]
[Round "8"]
[White "Gromova, Yulia"]
[Black "Schone, Maria"]
[Result "0-1"]
[WhiteElo "2252"]
[BlackElo "2151"]
[EventDate "2007.04.03"]
[PlyCount "114"]

1.d4 Nf6 2.c4 g6 3.Nc3 Bg7 4.e4 d6 5.f3 O-O 6.Be3 a6 7.Qd2 Nbd7 8.Nh3 c5 
9.d5 Qa5 10.Nf2 b5 11.cxb5 Nb6 12.Be2 Nfd7 13.Bh6 axb5 14.Bxg7 Kxg7 15.
Nxb5 Ne5 16.b3 Bb7 17.Nd1 c4 18.Nd4 cxb3 19.Qxa5 Rxa5 20.Nxb3 Ra3 21.Nc3 
Rc8 22.Nb5 Ra4 23.Kf2 f5 24.N3d4 fxe4 25.fxe4 Rca8 26.Rhc1 Kf6 27.Rc7 Ba6 
28.Kg3 Bxb5 29.Rf1+ Kg5 30.Nxb5 Rxe4 31.Bf3 Nxf3 32.gxf3 Re3 33.Nc3 Kf5 
34.Kf2 Re5 35.Rd1 Ra5 36.Kg3 g5 37.Rd4 h5 38.h4 gxh4+ 39.Rxh4 Kg6 40.Rd4 
Ra3 41.Rc6 Re3 42.Nb5 Rxf3+ 43.Kg2 Rg3+ 44.Kh2 Rh3+ 45.Kg2 Rag3+ 46.Kf1 
Rf3+ 47.Ke2 Nd7 48.Re4 Kf6 49.Re6+ Kg5 50.Nxd6 exd6 51.Rcxd6 Ra3 52.Ra6 
Rh2+ 53.Kf1 Raxa2 54.Rxa2 Rxa2 55.Ke1 Ra5 56.d6 Re5+ 57.Rxe5+ Nxe5 0-1

[Event "8th EUR-ch (w)"]
[Site "Dresden GER"]
[Date "2007.04.11"]
[Round "8"]
[White "Dergatschova-Daus, Anna"]
[Black "Calzetta Ruiz, Monica"]
[Result "0-1"]
[WhiteElo "2230"]
[BlackElo "2340"]
[EventDate "2007.04.03"]
[PlyCount "110"]

1.e4 c5 2.Nf3 Nf6 3.Nc3 d5 4.e5 Nfd7 5.e6 fxe6 6.Ng5 Nf6 7.Bd3 Qd6 8.O-O 
Qf4 9.Bb5+ Nc6 10.d3 Qd6 11.Re1 h6 12.Bxc6+ bxc6 13.Nf3 g5 14.Ne5 Bg7 15.
f4 Ba6 16.Qe2 Rh7 17.Nd1 Bh8 18.Qf2 O-O-O 19.b4 d4 20.bxc5 Qxc5 21.c4 gxf4
22.a4 Nd7 23.Ng6 Qf5 24.Nxh8 Rhxh8 25.Qxf4 Qxd3 26.Nb2 Qc3 27.Rxe6 Bb7 28.
Qd2 c5 29.Qxc3 dxc3 30.Nd1 Rhg8 31.g3 Ne5 32.Nxc3 Nf3+ 33.Kf2 Nxh2 34.Bf4 
Ng4+ 35.Ke2 Rd7 36.Nb5 a6 37.Na7+ Kd8 38.Nc6+ Ke8 39.Na5 Kf7 40.Rb6 Be4 
41.Ra3 e5 42.Bc1 Rg6 43.Rab3 Bc2 44.Rxg6 Kxg6 45.Rb6+ Kf5 46.Rxa6 Bd1+ 47.
Ke1 Bf3 48.Bd2 e4 49.Ra8 Kg6 50.Rf8 Rd3 51.Rb8 e3 52.Nb3 exd2+ 53.Nxd2 
Re3+ 54.Kf1 Nh2+ 55.Kg1 Re1+ 0-1

[Event "8th EUR-ch (w)"]
[Site "Dresden GER"]
[Date "2007.04.11"]
[Round "8"]
[White "Fakhiridou, Ekaterini"]
[Black "Mader, Manuela"]
[Result "0-1"]
[WhiteElo "2299"]
[BlackElo "2223"]
[EventDate "2007.04.03"]
[PlyCount "226"]

1.e4 c6 2.d4 d5 3.Nc3 dxe4 4.Nxe4 Bf5 5.Nc5 e5 6.Nb3 exd4 7.Nxd4 Bg6 8.
Ngf3 Nf6 9.Bd3 Bxd3 10.Qxd3 Bc5 11.O-O O-O 12.Bg5 Nbd7 13.c3 Qc7 14.Rad1 
Rad8 15.Qf5 Be7 16.Bf4 Qb6 17.Qc2 Nd5 18.Nf5 Nxf4 19.Nxe7+ Kh8 20.Rd4 Qc7 
21.g3 Ng6 22.Nxg6+ hxg6 23.Rfd1 Nf6 24.Qa4 a6 25.Qb4 b5 26.Qc5 Ne4 27.Rxd8
Rxd8 28.Rxd8+ Qxd8 29.Qxc6 Qd1+ 30.Kg2 f5 31.Qxg6 Qe2 32.Qxf5 Qxf2+ 33.Kh3
Ng5+ 34.Qxg5 Qxf3 35.Qd2 Qf1+ 36.Kh4 Qc4+ 37.g4 Qxa2 38.Kg3 Qe6 39.b4 Qe5+
40.Kh3 Qf6 41.Qd3 Qg5 42.Kg3 Qe5+ 43.Kg2 Qf4 44.Qf3 Qd2+ 45.Qf2 Qxc3 46.
Qc5 Qe1 47.g5 Qe2+ 48.Kg3 Qe1+ 49.Kf4 Qh4+ 50.Kf5 Qh3+ 51.Ke5 Qxh2+ 52.Ke6
Qe2+ 53.Kf7 Qf3+ 54.Ke6 Qe4+ 55.Kd7 Kh7 56.Kc7 Qe6 57.Kb7 Kg6 58.Ka7 Kh5 
59.Kb7 Qg6 60.Ka7 Qxg5 61.Kxa6 Qxc5 62.bxc5 b4 63.c6 b3 64.c7 b2 65.c8=Q 
b1=Q 66.Qh8+ Kg6 67.Qe8+ Kh6 68.Qe3+ g5 69.Qh3+ Kg7 70.Qd7+ Kf6 71.Qd6+ 
Kf5 72.Qd5+ Kf4 73.Qd4+ Qe4 74.Qf6+ Kg4 75.Qh6 Qd3+ 76.Ka7 Qe3+ 77.Ka6 Kg3
78.Qd6+ Kg2 79.Qd5+ Kg1 80.Qd1+ Kf2 81.Qd7 Qe2+ 82.Ka5 g4 83.Qd4+ Kg2 84.
Qd5+ Kh3 85.Qh1+ Qh2 86.Qf1+ Qg2 87.Qf5 Kh2 88.Qh7+ Kg1 89.Qb1+ Qf1 90.
Qb6+ Qf2 91.Qb1+ Kg2 92.Qe4+ Kg3 93.Qe5+ Kh3 94.Qh5+ Qh4 95.Qf5 Qe1+ 96.
Ka6 Qe2+ 97.Ka5 Kh2 98.Qh7+ Kg2 99.Qb7+ Kf2 100.Qb6+ Kf1 101.Qd6 Qe1+ 102.
Ka4 g3 103.Qd3+ Kg1 104.Qd4+ Qf2 105.Qd1+ Qf1 106.Qd4+ Kh2 107.Qd2+ g2 
108.Qh6+ Kg1 109.Qe3+ Qf2 110.Qc1+ Kh2 111.Qh6+ Kg3 112.Qg5+ Kh3 113.Qh6+ 
Qh4+ 0-1